| 000 | 01178cam a2200265 a 4500 | ||
|---|---|---|---|
| 001 | curseofbloatedto00rohn | ||
| 003 | CaSfIA | ||
| 005 | 20210118000658.0 | ||
| 007 | cr|||| | ||
| 008 | 010118s1988 xxu | 000 ||eng|d | ||
| 020 | _a0930193369 | ||
| 035 | _a(UK-BiTAL)fdee10e0df8143e38d7b218f88fc3f98 | ||
| 035 | _a()0930193369 | ||
| 040 |
_aGW _cGW _dUK-BiTAL _dBIBLIOS _dCaSfIA |
||
| 100 | 1 | _aRohn, Jim. | |
| 245 | 0 | 4 |
_aThe curse of the bloated toad. _h[electronic resource] |
| 260 |
_aWestlake Village : _bFantagraphics Books, _c1988. |
||
| 300 |
_a87p. : _bchiefly ill. |
||
| 440 | 4 | _aThe Holo brothers | |
| 856 | 4 | 1 |
_uhttp://www.archive.org/details/curseofbloatedto00rohn _zFree eBook from the Internet Archive |
| 856 | 4 | 2 |
_uhttp://www.openlibrary.org/books/OL24404337M _zAdditional information and access via Open Library |
| 942 | _cEB | ||
| 506 | _fНеобхідна авторизація на https://archive.org/ (створення облікового запису безкоштовно) | ||
| 506 | _fНеобхідна авторизація на https://openlibrary.org/ (створення облікового запису безкоштовно) | ||
| 999 |
_c485940 _d485940 |
||